[Event "LSS OP-2009-0-00983"]
[Site "LSS email"]
[Date "2009.10.30"]
[Round "?"]
[White "Teixeira, Hamilton"]
[Black "Checa, Nicholas de T"]
[Result "0-1"]
[WhiteElo "1665"]
[BlackElo "800"]
[PlyCount "62"]
[EventDate "2009.10.26"]
[EventType "tourn (corr)"]
[EventRounds "4"]
[EventCountry "GER"]
[SourceTitle "Telechess CBM 137"]
[Source "ChessBase"]
[SourceDate "2010.07.15"]
[SourceVersion "1"]
[SourceVersionDate "2010.07.15"]
[SourceQuality "1"]

1. e4 c5 2. Nf3 d6 3. d4 cxd4 4. Nxd4 e5 5. Bb5+ Bd7 6. Bxd7+ Qxd7 7. Nb3 f5 8. Nc3 fxe4 9. Nxe4 Nc6 10. Bg5 d5 11. Nbc5 Qf7 12. Nxb7 dxe4 13. Nd6+ Bxd6 14. Qxd6 Rc8 15. Rd1 Nf6 16. 0-0 Qd7 17. Qc5 Qf5 18. Be3 Nd4 19. Qd6 Rxc2 20. Bxd4 exd4 21. Rxd4 Kf7 22. Ra4 Ra8 23. Qb4 Kg6 24. Qb7 Qd7 25. Qxd7 Nxd7 26. Rxe4 Rxb2 27. Rg4+ Kf7 28. a3 Rab8 29. h3 R8b5 30. Rc4 a5 31. Rfc1 Rd2 0-1